Karnatakada raita chaluvaligalu (Record no. 123484)
[ view plain ]
| 000 -LEADER | |
|---|---|
| fixed length control field | 00704nam a2200241Ia 4500 |
| 003 - CONTROL NUMBER IDENTIFIER | |
| control field | OSt |
| 005 - DATE AND TIME OF LATEST TRANSACTION | |
| control field | 20251114162722.0 |
| 008 - FIXED-LENGTH DATA ELEMENTS--GENERAL INFORMATION | |
| fixed length control field | 210210b2019 xxu||||| |||| 00| 0 eng d |
| 020 ## - INTERNATIONAL STANDARD BOOK NUMBER | |
| International Standard Book Number | 97881939666051 |
| 040 ## - CATALOGING SOURCE | |
| Transcribing agency | AL |
| 041 ## - LANGUAGE CODE | |
| Language code of text/sound track or separate title | Kannada |
| 082 ## - DEWEY DECIMAL CLASSIFICATION NUMBER | |
| Classification number | 322.44095487K SRIK |
| 100 ## - MAIN ENTRY--PERSONAL NAME | |
| Personal name | SRIYAN (K R) |
| Dates associated with a name | ಕೆ.ಆರ್. ಶ್ರೀಯಾನ್ |
| 9 (RLIN) | 245617 |
| 245 ## - TITLE STATEMENT | |
| Title | Karnatakada raita chaluvaligalu |
| Remainder of title | ಕರ್ನಾಟಕದ ರೈತ ಚಳುವಳಿಗಳು |
| 260 ## - PUBLICATION, DISTRIBUTION, ETC. | |
| Place of publication, distribution, etc. | Bengaluru |
| Name of publisher, distributor, etc. | - |
| Date of publication, distribution, etc. | 2019 |
| 300 ## - PHYSICAL DESCRIPTION | |
| Extent | 166 |
| 650 ## - SUBJECT ADDED ENTRY--TOPICAL TERM | |
| Topical term or geographic name entry element | raita |
| 9 (RLIN) | 245618 |
| 650 ## - SUBJECT ADDED ENTRY--TOPICAL TERM | |
| Topical term or geographic name entry element | Karnatakada |
| 9 (RLIN) | 245619 |
| 650 ## - SUBJECT ADDED ENTRY--TOPICAL TERM | |
| Topical term or geographic name entry element | chaluvaligalu |
| 9 (RLIN) | 245620 |
| 690 ## - LOCAL SUBJECT ADDED ENTRY--TOPICAL TERM (OCLC, RLIN) | |
| Topical term or geographic name as entry element | Political Science |
| 9 (RLIN) | 245621 |
| 906 ## - LOCAL DATA ELEMENT F, LDF (RLIN) | |
| a | 073710 |
| 942 ## - ADDED ENTRY ELEMENTS (KOHA) | |
| Source of classification or shelving scheme | Dewey Decimal Classification |
| Koha item type | Book |
| Withdrawn status | Lost status | Source of classification or shelving scheme | Damaged status | Not for loan | Collection code | Home library | Current library | Shelving location | Date acquired | Source of acquisition | Cost, normal purchase price | Total Checkouts | Full call number | Barcode | Date last seen | Date last checked out | Price effective from | Koha item type |
|---|---|---|---|---|---|---|---|---|---|---|---|---|---|---|---|---|---|---|
| Dewey Decimal Classification | Kannada | St Aloysius Library | St Aloysius Library | 02/17/2021 | Sapna Book House Pvt Ltd, K S Rao Road, Mangalore | 140.00 | 1 | 322.44095487K SRIK | 073710 | 05/17/2024 | 07/17/2023 | 02/17/2021 | Book |